| 000 | 00789nam 22002413 4500 | ||
|---|---|---|---|
| 001 | 6016 | ||
| 010 | _a9789728769314 | ||
| 021 | _b198759/03 | ||
| 090 | _a6016 | ||
| 100 | _a20250925d2010 u||y0pory50 ba | ||
| 200 |
_aAmigo amigão! _eArmindo Reis _fil. Isabel Paiva |
||
| 210 |
_aAlfragide _cGailivro _d2010 |
||
| 215 |
_a29 p. _cil. |
||
| 330 | _aVárias definições do que é um amigo e da importância da amizade na nossa vida. "Um amigo é aquele que está sempre pronto a puxar-nos para cima". | ||
| 606 |
_914 _aLiteratura infantil |
||
| 606 |
_915 _aLiteratura Portuguesa |
||
| 675 |
_a82-93 _vBN _zpor |
||
| 675 |
_a821.134.3 _vBN _zpor |
||
| 700 |
_93962 _aReis _bArmindo |
||
| 702 |
_93963 _aPaiva _bIsabel |
||
| 801 |
_aPT _bBEN2VN _gRPC |
||
| 830 |
_cTânia Croca _d25/09/2025 |
||
| 990 | _cLIVROS | ||